Encuentro con Perú / (Record no. 22375)

000 -CABECERA
fixed length control field 00822nam a22002177a 4500
003 - IDENTIFICADOR DEL NÚMERO DE CONTROL
control field AR-CdUCM
008 - DATOS DE LONGITUD FIJA--INFORMACIÓN GENERAL
fixed length control field 190308b ||||| |||| 00| 0 spa d
020 ## - NÚMERO INTERNACIONAL ESTÁNDAR DEL LIBRO
ISBN 9789562444422
040 ## - FUENTE DE LA CATALOGACIÓN
Agencia/entidad que catalogó originalmente la obra MUNICIPALIDAD PROVINCIAL DEL CUSCO
Entidad que transcribió la catalogación BIBLIOTECA MUNICIPAL DEL CUSCO
082 ## - NÚMERO DE LA CLASIFICACIÓN DECIMAL DEWEY
No. de Clasificación 928.61/M678
Notacion interna M678
100 ## - ENTRADA PRINCIPAL--NOMBRE DE PERSONA
Nombre Personal Mistral, Gabriela
245 ## - MENCIÓN DE TÍTULO
Título Encuentro con Perú /
Mención de responsabilidad Gabriela Mistral ; selección de Pedro Pablo Zegers
260 ## - PUBLICACIÓN, DISTRIBUCIÓN, ETC.
Lugar de publicación, distribución, etc. Santiago,
-- Chile,
Nombre de la editorial, distribuidor, etc. Ediciones Biblioteca Nacional,
Fecha de publicación, distribución, etc. 2019.
300 ## - DESCRIPCIÓN FÍSICA
Nº de Páginas Extensión 273 páginas. :
Otros detalles físicos retratos, facsímiles ;
Dimensiones 15 x 23 cm.
505 ## - NOTA DE CONTENIDO CON FORMATO
Nota de contenido formateada Contenido: Notas de prensa. -- Correspondencia a Gabriela Mistral. -- De puño y letra.
650 ## - PUNTO DE ACCESO ADICIONAL DE MATERIA--TÉRMINO DE MATERIA
Descriptor Gabriela Mistral
9 (RLIN) 47966
650 ## - PUNTO DE ACCESO ADICIONAL DE MATERIA--TÉRMINO DE MATERIA
Descriptor Viajes Perú
9 (RLIN) 47967
710 ## - PUNTO DE ACCESO ADICIONAL--NOMBRE DE ENTIDAD CORPORATIVA
Nombre corporativo (En letras Mayúsculas) Zegers, Pedro Pablo
9 (RLIN) 47968
942 ## - ELEMENTOS DE PUNTO DE ACCESO ADICIONAL (KOHA)
Fuente de clasificación
Tipo de item Libros-BMC
945 ## - PROCESAMIENTO DE INFORMACIÓN LOCAL (OCLC)
Catalogador rac
Holdings
Estado de retiro (separado) Fuente de clasificación o esquema de estanterías Estado dañado Ubicación Sala donde se ubica Nombre de la colección Fecha de adquisición o compra Fuente de adquisición Costo, precio normal en soles Signatura topográfica Código de Barras Última vez visto (Koha) Tipo de ítem (Koha)
No     Sala Humanidades Sala Humanidades Book Cart 2022-05-16 Donación 30.00 928.61/M678 SH0000016199 2022-05-16 Libros-BMC
No     Sala Humanidades Sala Humanidades Book Cart 2022-05-16 Donación 30.00 928.61/M678/e.2 SH0000016200 2022-05-16 Libros-BMC

Powered by Koha